[Event "POL-chT3 Kujawsko-Pomorskie 2223"]
[Site "Poland"]
[Date "2023.??.??"]
[Round "6.48"]
[White "Wloch, Dominika"]
[Black "Jarosz, Piotr"]
[Result "0-1"]
[WhiteElo "1270"]
[BlackElo "1597"]
[PlyCount "76"]
[EventDate "2022.11.13"]
[EventType "team-swiss"]
[EventRounds "7"]
[EventCountry "POL"]
[SourceTitle "EXT 2024"]
[Source "ChessBase"]
[SourceDate "2023.10.10"]
[SourceVersion "1"]
[SourceVersionDate "2023.10.10"]
[SourceQuality "1"]

1. e4 e5 2. Nf3 Nc6 3. Bc4 Nf6 4. Nc3 Be7 5. 0-0 d6 6. h3 0-0 7. d3 h6 8. Be3 Na5 9. Bb3 Nxb3 10. axb3 b6 11. Qd2 c5 12. Nh2 d5 13. exd5 Nxd5 14. Nxd5 Qxd5 15. c4 Qd6 16. f4 exf4 17. Bxf4 Qg6 18. Rf3 Bh4 19. Kh1 Bb7 20. Re3 Rfd8 21. Nf3 Bf6 22. Ne5 Qf5 23. Qf2 Rd4 24. Rf1 Rad8 25. Ng4 Rxd3 26. Nxh6+ gxh6 27. Qg3+ Kh7 28. Kh2 Rxe3 29. Qxe3 Qe4 30. Qf2 Rg8 31. Bg3 Rg6 32. Kh1 Qe6 33. Kh2 Kg7 34. b4 Be5 35. Bxe5+ Qxe5+ 36. Qf4 Qxf4+ 37. Rxf4 Rxg2+ 38. Kh1 Rf2+ 0-1

[Event "POL-chT3 Kujawsko Pomorskie 1314"]
[Site "Poland"]
[Date "2014.??.??"]
[Round "7.30"]
[White "Losinska, Aleksandra"]
[Black "Wloch, Dominika"]
[Result "1-0"]
[WhiteElo "1351"]
[BlackElo "1194"]
[PlyCount "161"]
[EventDate "2013.11.03"]
[EventType "team-tourn"]
[EventRounds "11"]
[EventCountry "POL"]
[SourceTitle "EXT 2015"]
[Source "ChessBase"]
[SourceDate "2014.11.20"]
[SourceVersion "1"]
[SourceVersionDate "2014.11.20"]
[SourceQuality "1"]
[WhiteTeam "Bydgoszcz UKS MDK nr 5"]
[BlackTeam "Bydgoszcz Chemik II"]
[WhiteTeamCountry "POL"]
[BlackTeamCountry "POL"]

1. e4 c6 2. Nf3 d5 3. Nc3 dxe4 4. Nxe4 Bf5 5. Ng3 Bg6 6. h4 h5 7. Ne5 Nf6 8. Nxg6 fxg6 9. d4 Nbd7 10. Bd3 Qa5+ 11. c3 0-0-0 12. Bxg6 e5 13. 0-0 exd4 14. Qxd4 Bc5 15. Qd3 Qc7 16. Bg5 Rhf8 17. Rae1 Ng4 18. Bf5 Rxf5 19. Qxf5 Qxg3 20. Qf4 Qxf4 21. Bxf4 Rf8 22. g3 Nb6 23. b4 Bxf2+ 24. Rxf2 Nxf2 25. Kxf2 Nd5 26. Kf3 Nxc3 27. a3 Nd5 28. Re5 g6 29. Re4 b5 30. Re6 Rf6 31. Re8+ Kb7 32. Ke4 Nxf4 33. gxf4 Rf7 34. Re6 Rg7 35. Kd4 Rf7 36. Ke5 Rf5+ 37. Ke4 Rf7 38. Rxg6 Rc7 39. Rg5 Kb6 40. Rxh5 a5 41. Rc5 Rh7 42. h5 Re7+ 43. Re5 Rh7 44. Ke3 a4 45. Kf2 Rf7 46. f5 Rh7 47. f6 Rf7 48. Rf5 Kc7 49. Kg3 Kd6 50. Kf4 Ke6 51. Ke4 Rf8 52. f7 Rxf7 53. Rxf7 Kxf7 54. Kd4 Kg7 55. Kc5 Kh6 56. Kxc6 Kxh5 57. Kxb5 Kg5 58. Kxa4 Kf5 59. Kb5 Ke6 60. Kc6 Ke7 61. b5 Kd8 62. Kb7 Kd7 63. a4 Kd6 64. a5 Kc5 65. a6 Kxb5 66. a7 Kc5 67. a8Q Kd6 68. Qc8 Kd5 69. Qc3 Kd6 70. Qc4 Ke5 71. Kc6 Kf6 72. Qe4 Kf7 73. Qe5 Kg6 74. Qf4 Kg7 75. Qf5 Kh6 76. Qg4 Kh7 77. Qg5 Kh8 78. Kd6 Kh7 79. Ke6 Kh8 80. Kf7 Kh7 81. Qg7# 1-0

[Event "POL-ch qual U13 Girls"]
[Site "Jastrzebia Gora"]
[Date "2013.09.28"]
[Round "6.1"]
[White "Borkowska, Zuzanna"]
[Black "Wloch, Dominika"]
[Result "1/2-1/2"]
[WhiteElo "1316"]
[BlackElo "1198"]
[PlyCount "46"]
[EventDate "2013.09.28"]
[EventType "tourn"]
[EventRounds "10"]
[EventCountry "POL"]
[SourceTitle "EXT 2023"]
[Source "ChessBase"]
[SourceDate "2022.10.05"]
[SourceVersion "1"]
[SourceVersionDate "2022.10.05"]
[SourceQuality "1"]

1. e4 e5 2. Nf3 Nc6 3. Bb5 Bc5 4. c3 Nf6 5. d4 exd4 6. cxd4 Bb4+ 7. Bd2 Bxd2+ 8. Nbxd2 d5 9. e5 Ne4 10. h3 Bf5 11. 0-0 0-0 12. Bxc6 bxc6 13. b4 Rb8 14. a3 Nc3 15. Qb3 Ne4 16. Qe3 Nxd2 17. Nxd2 f6 18. f4 fxe5 19. fxe5 Qh4 20. Qf4 Qh5 21. g4 Qg6 22. Qg3 Bd3 23. Rxf8+ Rxf8 1/2-1/2

[Event "POL-ch qual U13 Girls"]
[Site "Jastrzebia Gora"]
[Date "2013.09.28"]
[Round "2.3"]
[White "Wloch, Dominika"]
[Black "Kindler, Karolina"]
[Result "0-1"]
[WhiteElo "1198"]
[BlackElo "1404"]
[PlyCount "122"]
[EventDate "2013.09.28"]
[EventType "tourn"]
[EventRounds "10"]
[EventCountry "POL"]
[SourceTitle "EXT 2023"]
[Source "ChessBase"]
[SourceDate "2022.10.05"]
[SourceVersion "1"]
[SourceVersionDate "2022.10.05"]
[SourceQuality "1"]

1. e4 e5 2. Nf3 Nc6 3. d4 exd4 4. Bc4 Bc5 5. c3 dxc3 6. Bxf7+ Kxf7 7. Qd5+ Ke8 8. Qxc5 Qe7 9. Qxe7+ Ngxe7 10. Nxc3 d6 11. h3 Be6 12. 0-0 Kd7 13. Ng5 Bc4 14. Rd1 Raf8 15. b3 Bf7 16. Bb2 h6 17. Nf3 Kc8 18. Nd5 Rhg8 19. Nxe7+ Nxe7 20. Rac1 Kb8 21. e5 dxe5 22. Nxe5 Be6 23. Ba3 Re8 24. Nd7+ Bxd7 25. Rxd7 Nc6 26. Rd2 Rd8 27. Rxd8+ Rxd8 28. Rc2 Nd4 29. Rc4 Ne2+ 30. Kf1 Nd4 31. Bb2 Ne6 32. Re4 Rd6 33. f4 g6 34. g4 Kc8 35. f5 gxf5 36. gxf5 Ng5 37. Re3 Rd2 38. Bf6 Rd5 39. Re8+ Kd7 40. Rd8+ Kc6 41. Rxd5 Kxd5 42. h4 Ne4 43. Bg7 h5 44. f6 Ke6 45. f7 Kxf7 46. Be5 c6 47. Bb8 a6 48. Bc7 Ke6 49. Bb6 Nc3 50. a4 Na2 51. a5 Nc1 52. b4 Nd3 53. Ke2 Nxb4 54. Kf2 Nd5 55. Bd4 Kf5 56. Kf3 Nf4 57. Be3 Ng6 58. Bg5 Ne5+ 59. Ke3 Nc4+ 60. Kd4 Nxa5 61. Kc5 b5 0-1